[Event "Bundesliga 9899"]
[Site "Deutschland"]
[Date "1999.01.09"]
[Round "7.5"]
[White "Lauber, Arnd"]
[Black "Meins, Gerlef"]
[Result "1/2-1/2"]
[WhiteElo "2418"]
[BlackElo "2439"]
[PlyCount "109"]
[EventDate "1998.10.17"]
[EventType "team"]
[EventRounds "15"]
[EventCountry "GER"]
[SourceTitle "Bundesliga 9899"]
[Source "DeepChess"]
[SourceDate "2005.01.01"]
[SourceVersion "1"]
[SourceVersionDate "2005.01.01"]
[SourceQuality "1"]
[WhiteTeam "Delmenhorster SK 1931"]
[BlackTeam "SAbt SV Werder Bremen"]
[WhiteTeamCountry "GER"]
[BlackTeamCountry "GER"]

1. d4 d5 2. c4 dxc4 3. Nf3 Nf6 4. e3 e6 5. Bxc4 c5 6. O-O a6 7. a4 Nc6 8. Qe2
cxd4 9. Rd1 Be7 10. exd4 O-O 11. Nc3 Nb4 12. Bg5 h6 13. Bh4 Ra7 14. Ne5 b6 15.
Na2 Bb7 16. Bxf6 gxf6 17. Qg4+ Kh7 18. Bxe6 fxe5 19. Bf5+ Kh8 20. Qh5 Kg7 21.
dxe5 Nd5 22. Nc3 Bg5 23. Nxd5 Bxd5 24. h4 Bxh4 25. Rd4 Bg5 26. Rad1 Re7 27.
Rxd5 Qc7 28. g3 Rxe5 29. Rd7 Qc6 30. R7d6 Qc7 31. Rd7 Qc6 32. R7d6 Qc7 33. Qg4
Rfe8 34. Qd4 Qc5 35. Qxc5 bxc5 36. Bd3 Re1+ 37. Bf1 a5 38. Kg2 Rxd1 39. Rxd1
Bf6 40. b3 Bd4 41. Bc4 Re5 42. Rd3 Rf5 43. f4 Rf6 44. Rd1 Rd6 45. Kf3 Rd7 46.
Re1 Kf8 47. Rh1 Kg7 48. Re1 Kf8 49. Re2 Bc3 50. Bb5 Re7 51. Re4 Rxe4 52. Kxe4
Kg7 53. g4 Bd2 54. Bc4 f6 55. Kf5 1/2-1/2

[Event "Bundesliga 9899"]
[Site "Deutschland"]
[Date "1999.01.09"]
[Round "7.6"]
[White "Heissler, Jakob"]
[Black "Borik, Otto"]
[Result "1-0"]
[WhiteElo "2450"]
[BlackElo "2415"]
[PlyCount "65"]
[EventDate "1998.10.17"]
[EventType "team"]
[EventRounds "15"]
[EventCountry "GER"]
[SourceTitle "Bundesliga 9899"]
[Source "DeepChess"]
[SourceDate "2005.01.01"]
[SourceVersion "1"]
[SourceVersionDate "2005.01.01"]
[SourceQuality "1"]
[WhiteTeam "SAbt SV Werder Bremen"]
[BlackTeam "Delmenhorster SK 1931"]
[WhiteTeamCountry "GER"]
[BlackTeamCountry "GER"]

1. e4 e6 2. d3 d5 3. Nd2 g6 4. Ngf3 Bg7 5. g3 Ne7 6. Bg2 O-O 7. O-O c5 8. Re1
Nbc6 9. e5 Qc7 10. Qe2 Nf5 11. c3 b5 12. Nf1 b4 13. Bf4 bxc3 14. bxc3 Ba6 15.
h4 Qa5 16. Rac1 Rab8 17. N1h2 h5 18. Bh3 Rb7 19. Ng5 Qa3 20. Bxf5 exf5 21. e6
f6 22. Nf7 Kh7 23. Nf3 Re7 24. Qd2 Rfe8 25. Bd6 Rb7 26. d4 Rb2 27. Rc2 Rxc2 28.
Qxc2 Nb4 29. cxb4 Qxf3 30. bxc5 Bh6 31. Nxh6 Kxh6 32. Bf4+ Kg7 33. Qa4 1-0

[Event "Bundesliga 9899"]
[Site "Deutschland"]
[Date "1999.01.09"]
[Round "7.7"]
[White "Beckemeier, Werner"]
[Black "Kachiani Gersinska, Ketino"]
[Result "0-1"]
[WhiteElo "2373"]
[BlackElo "2439"]
[PlyCount "90"]
[EventDate "1998.10.17"]
[EventType "team"]
[EventRounds "15"]
[EventCountry "GER"]
[SourceTitle "Bundesliga 9899"]
[Source "DeepChess"]
[SourceDate "2005.01.01"]
[SourceVersion "1"]
[SourceVersionDate "2005.01.01"]
[SourceQuality "1"]
[WhiteTeam "Delmenhorster SK 1931"]
[BlackTeam "SAbt SV Werder Bremen"]
[WhiteTeamCountry "GER"]
[BlackTeamCountry "GER"]

1. e4 c6 2. d4 d5 3. exd5 cxd5 4. Bd3 Nc6 5. c3 Qc7 6. Bg5 Nf6 7. h3 Ne4 8.
Bxe4 dxe4 9. Nd2 f5 10. Ne2 e5 11. dxe5 Nxe5 12. O-O Bd6 13. Nd4 a6 14. Qb3 Qf7
15. Bf4 Nf3+ 16. N2xf3 Bxf4 17. Ne2 Bc7 18. Nfd4 O-O 19. f3 Qxb3 20. axb3 exf3
21. Rxf3 f4 22. Re1 Bd7 23. Nc1 Rae8 24. Rxe8 Rxe8 25. Nd3 g5 26. Nc5 Bc8 27.
b4 b6 28. Nd3 Bb7 29. Rf1 Re3 30. Rd1 Kf7 31. Kf2 Kf6 32. Nc2 Re7 33. Re1 Be4
34. Rd1 h5 35. Nd4 g4 36. Rd2 Bb7 37. hxg4 hxg4 38. Re2 Be4 39. Rd2 g3+ 40. Kf1
Rh7 41. Ne1 Rh1+ 42. Ke2 Rg1 43. Ndf3 Bxf3+ 44. gxf3 g2 45. Rd1 b5 0-1

[Event "Bundesliga 9899"]
[Site "Deutschland"]
[Date "1999.01.09"]
[Round "7.8"]
[White "Floegel, Ulrich"]
[Black "Jugelt, Tobias"]
[Result "0-1"]
[WhiteElo "2320"]
[BlackElo "2363"]
[PlyCount "66"]
[EventDate "1998.10.17"]
[EventType "team"]
[EventRounds "15"]
[EventCountry "GER"]
[SourceTitle "Bundesliga 9899"]
[Source "DeepChess"]
[SourceDate "2005.01.01"]
[SourceVersion "1"]
[SourceVersionDate "2005.01.01"]
[SourceQuality "1"]
[WhiteTeam "SAbt SV Werder Bremen"]
[BlackTeam "Delmenhorster SK 1931"]
[WhiteTeamCountry "GER"]
[BlackTeamCountry "GER"]

1. e4 Nf6 2. e5 Nd5 3. d4 d6 4. Nf3 c6 5. h3 Bf5 6. Bc4 e6 7. Qe2 Nd7 8. O-O
dxe5 9. dxe5 Be7 10. a3 O-O 11. Ba2 Qc7 12. Re1 Rfd8 13. Nd4 Bg6 14. Nd2 c5 15.
Nb5 Qc6 16. Nf3 a6 17. Nd6 Nxe5 18. Nxe5 Qxd6 19. Nxg6 hxg6 20. Qf3 Bf6 21. c3
b5 22. Bb1 Ra7 23. g3 Rad7 24. h4 Ne7 25. Kg2 Qd5 26. Be4 Qb3 27. a4 b4 28.
cxb4 Qxb4 29. Re2 Nf5 30. Bxf5 gxf5 31. Ra3 c4 32. Qc6 Rd1 33. Rc2 Qe1 0-1

[Event "Bundesliga 9899"]
[Site "Deutschland"]
[Date "1999.01.09"]
[Round "7.2"]
[White "Lanka, Zigurds"]
[Black "Luther, Thomas"]
[Result "1/2-1/2"]
[WhiteElo "2521"]
[BlackElo "2542"]
[PlyCount "81"]
[EventDate "1998.10.17"]
[EventType "team"]
[EventRounds "15"]
[EventCountry "GER"]
[SourceTitle "Bundesliga 9899"]
[Source "DeepChess"]
[SourceDate "2005.01.01"]
[SourceVersion "1"]
[SourceVersionDate "2005.01.01"]
[SourceQuality "1"]
[WhiteTeam "Dresdner SC 1898"]
[BlackTeam "SF Neukoelln 03 e.V."]
[WhiteTeamCountry "GER"]
[BlackTeamCountry "GER"]

1. e4 e6 2. d4 d5 3. Nc3 Nf6 4. Bg5 dxe4 5. Nxe4 Nbd7 6. Nxf6+ Nxf6 7. Nf3 c5
8. Bc4 Qa5+ 9. Bd2 Qb6 10. Bc3 cxd4 11. Nxd4 Bd7 12. Qd3 Bb4 13. O-O Bxc3 14.
Qxc3 Rc8 15. b3 O-O 16. Rad1 Qc7 17. Qf3 a6 18. a4 Kh8 19. Qg3 Qxg3 20. hxg3
Rfd8 21. Nf3 Kg8 22. Ne5 Be8 23. Rfe1 Kf8 24. Rxd8 Rxd8 25. Be2 Rc8 26. Bf3 b5
27. axb5 axb5 28. Re2 h5 29. Rd2 g5 30. g4 hxg4 31. Nxg4 Nxg4 32. Bxg4 Bc6 33.
Be2 Ke7 34. f3 Ra8 35. Kf2 f5 36. Bd3 Kf6 37. Rd1 b4 38. Bc4 Bd5 39. Bxd5 Rd8
40. Rd4 Rxd5 41. Ke3 1/2-1/2

[Event "Bundesliga 9899"]
[Site "Deutschland"]
[Date "1999.01.09"]
[Round "7.3"]
[White "Stohl, Igor"]
[Black "Maiwald, Jens Uwe"]
[Result "1/2-1/2"]
[WhiteElo "2561"]
[BlackElo "2467"]
[PlyCount "70"]
[EventDate "1998.10.17"]
[EventType "team"]
[EventRounds "15"]
[EventCountry "GER"]
[SourceTitle "Bundesliga 9899"]
[Source "DeepChess"]
[SourceDate "2005.01.01"]
[SourceVersion "1"]
[SourceVersionDate "2005.01.01"]
[SourceQuality "1"]
[WhiteTeam "SF Neukoelln 03 e.V."]
[BlackTeam "Dresdner SC 1898"]
[WhiteTeamCountry "GER"]
[BlackTeamCountry "GER"]

1. d4 Nf6 2. Nf3 g6 3. g3 Bg7 4. Bg2 O-O 5. O-O d6 6. c4 Nc6 7. Nc3 Bf5 8. b3
Ne4 9. Nd5 Bd7 10. Bb2 e6 11. Nf4 f5 12. Nd3 Qe7 13. b4 a6 14. a4 g5 15. e3 Nd8
16. Nd2 Nf6 17. b5 Be8 18. e4 axb5 19. axb5 Rxa1 20. Qxa1 fxe4 21. Nxe4 Bg6 22.
Re1 Nxe4 23. Bxe4 Bxe4 24. Rxe4 Qf7 25. Qe1 Qf3 26. Re3 Qf5 27. Qe2 c6 28. bxc6
Nxc6 29. d5 exd5 30. Bxg7 Kxg7 31. cxd5 Qxd5 32. Qb2+ Kh6 33. Qxb7 Rb8 34. Qd7
Rb1+ 35. Re1 Qxd3 1/2-1/2

[Event "Bundesliga 9899"]
[Site "Deutschland"]
[Date "1999.01.09"]
[Round "7.4"]
[White "Boensch, Uwe"]
[Black "Bunzmann, Dimitrij"]
[Result "1/2-1/2"]
[WhiteElo "2533"]
[BlackElo "2555"]
[PlyCount "66"]
[EventDate "1998.10.17"]
[EventType "team"]
[EventRounds "15"]
[EventCountry "GER"]
[SourceTitle "Bundesliga 9899"]
[Source "DeepChess"]
[SourceDate "2005.01.01"]
[SourceVersion "1"]
[SourceVersionDate "2005.01.01"]
[SourceQuality "1"]
[WhiteTeam "Dresdner SC 1898"]
[BlackTeam "SF Neukoelln 03 e.V."]
[WhiteTeamCountry "GER"]
[BlackTeamCountry "GER"]

1. d4 e6 2. c4 Bb4+ 3. Bd2 a5 4. a3 Bxd2+ 5. Qxd2 d6 6. Nc3 Nf6 7. e3 O-O 8.
Bd3 e5 9. Nge2 Nc6 10. h3 exd4 11. exd4 d5 12. O-O dxc4 13. Bxc4 Bxh3 14. gxh3
Ne5 15. Bxf7+ Rxf7 16. f4 Nc4 17. Qd3 Nd6 18. Ng3 Qd7 19. f5 Re8 20. Rae1 Rfe7
21. Rxe7 Rxe7 22. Rf2 Re1+ 23. Kh2 Qe8 24. Re2 Rxe2+ 25. Ncxe2 Nfe4 26. Qb3+
Qf7 27. Qa4 Nxg3 28. Nxg3 Qa2 29. Qxa5 Qxb2+ 30. Kh1 Qc1+ 31. Kg2 Qc2+ 32. Kg1
Qd1+ 33. Kg2 Qc2+ 1/2-1/2

[Event "Bundesliga 9899"]
[Site "Deutschland"]
[Date "1999.01.09"]
[Round "7.5"]
[White "Berndt, Stephan"]
[Black "Tischbierek, Raj"]
[Result "1/2-1/2"]
[WhiteElo "2501"]
[BlackElo "2521"]
[PlyCount "91"]
[EventDate "1998.10.17"]
[EventType "team"]
[EventRounds "15"]
[EventCountry "GER"]
[SourceTitle "Bundesliga 9899"]
[Source "DeepChess"]
[SourceDate "2005.01.01"]
[SourceVersion "1"]
[SourceVersionDate "2005.01.01"]
[SourceQuality "1"]
[WhiteTeam "SF Neukoelln 03 e.V."]
[BlackTeam "Dresdner SC 1898"]
[WhiteTeamCountry "GER"]
[BlackTeamCountry "GER"]

1. e4 Nf6 2. e5 Nd5 3. d4 d6 4. Nf3 dxe5 5. Nxe5 Nd7 6. Nf3 e6 7. c4 N5f6 8.
Nc3 c5 9. Be2 cxd4 10. Nxd4 Be7 11. O-O O-O 12. Be3 a6 13. Qc2 Qc7 14. Rad1 b6
15. Qc1 Re8 16. Bf4 e5 17. Bg3 Bf8 18. Nf5 Bb7 19. Ne3 Rac8 20. Ned5 Qc6 21.
Rfe1 Nxd5 22. Nxd5 Nf6 23. Qb1 Nxd5 24. cxd5 Qd6 25. Bf3 g6 26. h4 Bg7 27. h5
f5 28. hxg6 hxg6 29. Rd2 Qb4 30. Red1 Rcd8 31. d6 e4 32. d7 Rf8 33. Bd6 Qa4 34.
b3 Qc6 35. Bxf8 Bxf8 36. Be2 b5 37. Qc2 Qb6 38. Qc3 Bc5 39. Qg3 Bxf2+ 40. Qxf2
e3 41. Qf4 exd2+ 42. Kf1 Rxd7 43. Rxd2 Rxd2 44. Qxd2 Be4 45. Bf3 Qe6 46. Qd4
1/2-1/2

[Event "Bundesliga 9899"]
[Site "Deutschland"]
[Date "1999.01.09"]
[Round "7.6"]
[White "Uhlmann, Wolfgang"]
[Black "Polzin, Rainer"]
[Result "1/2-1/2"]
[WhiteElo "2475"]
[BlackElo "2443"]
[PlyCount "72"]
[EventDate "1998.10.17"]
[EventType "team"]
[EventRounds "15"]
[EventCountry "GER"]
[SourceTitle "Bundesliga 9899"]
[Source "DeepChess"]
[SourceDate "2005.01.01"]
[SourceVersion "1"]
[SourceVersionDate "2005.01.01"]
[SourceQuality "1"]
[WhiteTeam "Dresdner SC 1898"]
[BlackTeam "SF Neukoelln 03 e.V."]
[WhiteTeamCountry "GER"]
[BlackTeamCountry "GER"]

1. c4 Nf6 2. Nc3 g6 3. e4 d6 4. d4 Bg7 5. Be2 O-O 6. Bg5 c6 7. Nf3 h6 8. Be3
Nbd7 9. O-O e5 10. dxe5 dxe5 11. Qc1 Kh7 12. c5 Qe7 13. b4 a5 14. a3 Ng4 15.
Ng5+ hxg5 16. Bxg4 axb4 17. Bxd7 bxc3 18. Bxc8 Rfxc8 19. Qxc3 Ra4 20. f3 Rca8
21. Rfb1 g4 22. Bf2 R8a7 23. Rb3 Qf6 24. fxg4 Rxe4 25. Qh3+ Kg8 26. Rd1 Qe7 27.
Rbd3 Ra8 28. Rd7 Qe8 29. Rxb7 Rea4 30. Rb3 Qc8 31. Rbd3 Qxg4 32. Rd8+ Rxd8 33.
Rxd8+ Bf8 34. Qb3 Qg5 35. Rd1 Ra8 36. Be3 Qg4 1/2-1/2

[Event "Bundesliga 9899"]
[Site "Deutschland"]
[Date "1999.01.09"]
[Round "7.7"]
[White "Thiede, Lars"]
[Black "Borriss, Martin"]
[Result "0-1"]
[WhiteElo "2402"]
[BlackElo "2408"]
[PlyCount "47"]
[EventDate "1998.10.17"]
[EventType "team"]
[EventRounds "15"]
[EventCountry "GER"]
[SourceTitle "Bundesliga 9899"]
[Source "DeepChess"]
[SourceDate "2005.01.01"]
[SourceVersion "1"]
[SourceVersionDate "2005.01.01"]
[SourceQuality "1"]
[WhiteTeam "SF Neukoelln 03 e.V."]
[BlackTeam "Dresdner SC 1898"]
[WhiteTeamCountry "GER"]
[BlackTeamCountry "GER"]

1. g3 g6 2. Bg2 Bg7 3. c4 c5 4. Nc3 Nc6 5. a3 Nf6 6. Rb1 O-O 7. b4 cxb4 8. axb4
e6 9. e4 d5 10. cxd5 exd5 11. b5 Nd4 12. e5 Bf5 13. Rb2 Ne4 14. f4 f6 15. Nh3
Qd7 16. Nxe4 dxe4 17. Nf2 fxe5 18. fxe5 Bxe5 19. O-O Rac8 20. d3 exd3 21. Nxd3
Bxd3 22. Qxd3 Nf3+ 23. Qxf3 Rxf3 24. Bxf3 0-1

[Event "Bundesliga 9899"]
[Site "Deutschland"]
[Date "1999.01.09"]
[Round "7.8"]
[White "Goldberg, Alexander"]
[Black "Rudolf, Henrik"]
[Result "1-0"]
[WhiteElo "2405"]
[BlackElo "2338"]
[PlyCount "79"]
[EventDate "1998.10.17"]
[EventType "team"]
[EventRounds "15"]
[EventCountry "GER"]
[SourceTitle "Bundesliga 9899"]
[Source "DeepChess"]
[SourceDate "2005.01.01"]
[SourceVersion "1"]
[SourceVersionDate "2005.01.01"]
[SourceQuality "1"]
[WhiteTeam "Dresdner SC 1898"]
[BlackTeam "SF Neukoelln 03 e.V."]
[WhiteTeamCountry "GER"]
[BlackTeamCountry "GER"]

1. e4 g6 2. d4 Bg7 3. Nc3 d6 4. f4 Nf6 5. Bd3 Nc6 6. Nf3 Bg4 7. Be3 e5 8. fxe5
dxe5 9. d5 Nd4 10. Be2 Nxe2 11. Qxe2 Nh5 12. Qb5+ Bd7 13. Qxb7 Rb8 14. Qxa7
Rxb2 15. O-O O-O 16. Qa3 Rb8 17. Rab1 Rxb1 18. Rxb1 f5 19. Bg5 Bf6 20. Bxf6
Nxf6 21. Nxe5 Nxe4 22. Nxe4 fxe4 23. Qc5 Ba4 24. Qc4 Qd6 25. Ng4 Bd7 26. Ne3
Qe5 27. a4 Ra8 28. d6+ Be6 29. Qxc7 Rf8 30. Qb6 Qc3 31. a5 Qd2 32. Rf1 Ra8 33.
a6 Qc3 34. a7 Kg7 35. Nd1 Qc8 36. Qd4+ Kg8 37. Ne3 Qd7 38. Ra1 Qc6 39. c4 Rd8
40. c5 1-0

[Event "Bundesliga 9899"]
[Site "Deutschland"]
[Date "1999.01.09"]
[Round "7.1"]
[White "Votava, Jan"]
[Black "Schlosser, Philipp"]
[Result "1/2-1/2"]
[WhiteElo "2511"]
[BlackElo "2511"]
[PlyCount "84"]
[EventDate "1998.10.17"]
[EventType "team"]
[EventRounds "15"]
[EventCountry "GER"]
[SourceTitle "Bundesliga 9899"]
[Source "DeepChess"]
[SourceDate "2005.01.01"]
[SourceVersion "1"]
[SourceVersionDate "2005.01.01"]
[SourceQuality "1"]
[WhiteTeam "Erfurter SK"]
[BlackTeam "SK Passau 1869"]
[WhiteTeamCountry "GER"]
[BlackTeamCountry "GER"]

1. c4 e6 2. g3 d5 3. Bg2 Nf6 4. Nf3 dxc4 5. Qa4+ Nbd7 6. Qxc4 c5 7. Qc2 b6 8.
O-O Bb7 9. d3 Be7 10. Nbd2 O-O 11. b3 Rc8 12. Bb2 Qc7 13. Rad1 Rfd8 14. Qb1 Qb8
15. Qa1 Ne8 16. e4 Bf6 17. e5 Be7 18. Rfe1 Nf8 19. Ne4 Rd7 20. h4 Rcd8 21. Qb1
Qa8 22. Nh2 h6 23. Ng4 Nh7 24. Kh2 Nc7 25. f4 Nb5 26. h5 Nd4 27. Ne3 f5 28.
exf6 Nxf6 29. Bxd4 Rxd4 30. Nxf6+ Bxf6 31. Bh3 Kh8 32. Bxe6 Bf3 33. Rd2 Bxh5
34. Nf5 R4d5 35. Bxd5 Qxd5 36. Ne3 Qf7 37. d4 Bxd4 38. Qf5 Qxf5 39. Nxf5 Bg1+
40. Kxg1 Rxd2 41. Re7 Bg4 42. Nxg7 Rd1+ 1/2-1/2

[Event "Bundesliga 9899"]
[Site "Deutschland"]
[Date "1999.01.09"]
[Round "7.2"]
[White "Ribli, Zoltan"]
[Black "Casper, Thomas"]
[Result "1-0"]
[WhiteElo "2582"]
[BlackElo "2435"]
[PlyCount "81"]
[EventDate "1998.10.17"]
[EventType "team"]
[EventRounds "15"]
[EventCountry "GER"]
[SourceTitle "Bundesliga 9899"]
[Source "DeepChess"]
[SourceDate "2005.01.01"]
[SourceVersion "1"]
[SourceVersionDate "2005.01.01"]
[SourceQuality "1"]
[WhiteTeam "SK Passau 1869"]
[BlackTeam "Erfurter SK"]
[WhiteTeamCountry "GER"]
[BlackTeamCountry "GER"]

1. c4 Nf6 2. Nc3 d6 3. g3 e5 4. Bg2 Be7 5. e4 O-O 6. Nge2 c6 7. O-O Be6 8. b3
Qd7 9. d4 Bh3 10. Be3 Bxg2 11. Kxg2 Re8 12. f3 Na6 13. Qd2 Bf8 14. d5 Nc7 15.
Rac1 cxd5 16. cxd5 Rec8 17. g4 g6 18. h3 Nfe8 19. Rc2 Nb5 20. Nxb5 Rxc2 21.
Qxc2 Qxb5 22. Rc1 Be7 23. Qd2 Bd8 24. Rc4 Qd7 25. Qc2 a6 26. a4 Ng7 27. Bh6 Ne8
28. f4 exf4 29. Nxf4 Bb6 30. Kf3 a5 31. Qc3 Bd8 32. g5 Qe7 33. Nd3 Qd7 34. Nf2
f5 35. exf5 Qxf5+ 36. Rf4 Qxd5+ 37. Kg3 Be7 38. Ng4 Qe6 39. Qf3 Ng7 40. Bxg7
Kxg7 41. Qc3+ 1-0

[Event "Bundesliga 9899"]
[Site "Deutschland"]
[Date "1999.01.09"]
[Round "7.3"]
[White "Enders, Peter"]
[Black "Schmidt, Peter"]
[Result "1-0"]
[WhiteElo "2474"]
[BlackElo "2412"]
[PlyCount "87"]
[EventDate "1998.10.17"]
[EventType "team"]
[EventRounds "15"]
[EventCountry "GER"]
[SourceTitle "Bundesliga 9899"]
[Source "DeepChess"]
[SourceDate "2005.01.01"]
[SourceVersion "1"]
[SourceVersionDate "2005.01.01"]
[SourceQuality "1"]
[WhiteTeam "Erfurter SK"]
[BlackTeam "SK Passau 1869"]
[WhiteTeamCountry "GER"]
[BlackTeamCountry "GER"]

1. e4 c6 2. d4 d5 3. Nc3 dxe4 4. Nxe4 Bf5 5. Ng3 Bg6 6. h4 h6 7. Nf3 Nf6 8. Ne5
Bh7 9. Bd3 Bxd3 10. Qxd3 e6 11. Be3 Nbd7 12. f4 Nxe5 13. fxe5 Nd5 14. O-O-O Be7
15. Ne4 O-O 16. Bd2 f5 17. exf6 Nxf6 18. Rde1 Nxe4 19. Qxe4 Rf7 20. c3 c5 21.
dxc5 Bxc5 22. Qxe6 Qd7 23. Qxd7 Rxd7 24. Re5 Rad8 25. Rxc5 Rxd2 26. Rc8 Rxc8
27. Kxd2 Kf7 28. Rf1+ Ke6 29. Ke3 b5 30. Rf4 g5 31. hxg5 hxg5 32. Re4+ Kd5 33.
Rd4+ Kc5 34. Rg4 Rg8 35. a4 a6 36. axb5 axb5 37. Re4 g4 38. g3 Rg7 39. Kf4 Kd5
40. Rb4 Kc5 41. Kf5 Rg8 42. Rxg4 Rf8+ 43. Ke4 Rf2 44. b4+ 1-0

[Event "Bundesliga 9899"]
[Site "Deutschland"]
[Date "1999.01.09"]
[Round "7.5"]
[White "Renner, Christoph"]
[Black "Smejkal, Jan"]
[Result "1-0"]
[WhiteElo "2437"]
[BlackElo "2525"]
[PlyCount "75"]
[EventDate "1998.10.17"]
[EventType "team"]
[EventRounds "15"]
[EventCountry "GER"]
[SourceTitle "Bundesliga 9899"]
[Source "DeepChess"]
[SourceDate "2005.01.01"]
[SourceVersion "1"]
[SourceVersionDate "2005.01.01"]
[SourceQuality "1"]
[WhiteTeam "Erfurter SK"]
[BlackTeam "SK Passau 1869"]
[WhiteTeamCountry "GER"]
[BlackTeamCountry "GER"]

1. e4 e5 2. Nc3 Nc6 3. g3 Bc5 4. Bg2 a6 5. Nge2 d6 6. Nd5 Nge7 7. O-O O-O 8. c3
Nxd5 9. exd5 Ne7 10. d4 Ba7 11. dxe5 dxe5 12. c4 c6 13. Nc3 cxd5 14. Nxd5 Be6
15. Qb3 Rb8 16. Be3 Bxe3 17. Qxe3 Bxd5 18. cxd5 Qd6 19. Rfe1 Ng6 20. h4 Rfe8
21. Rac1 Rbd8 22. Rc4 f5 23. h5 Nh8 24. h6 Ng6 25. Rec1 f4 26. Qb3 fxg3 27.
fxg3 e4 28. Rc7 gxh6 29. Qxb7 Qe5 30. Rxh7 Ne7 31. Rxh6 Qg5 32. Rcc6 Rxd5 33.
Rcg6+ Nxg6 34. Qh7+ Kf8 35. Rxg6 Qxg6 36. Qxg6 Rd1+ 37. Kh2 e3 38. Qh6+ 1-0

[Event "Bundesliga 9899"]
[Site "Deutschland"]
[Date "1999.01.09"]
[Round "7.6"]
[White "Pichler, Juergen"]
[Black "Troyke, Christian"]
[Result "1-0"]
[WhiteElo "2395"]
[BlackElo "2400"]
[PlyCount "71"]
[EventDate "1998.10.17"]
[EventType "team"]
[EventRounds "15"]
[EventCountry "GER"]
[SourceTitle "Bundesliga 9899"]
[Source "DeepChess"]
[SourceDate "2005.01.01"]
[SourceVersion "1"]
[SourceVersionDate "2005.01.01"]
[SourceQuality "1"]
[WhiteTeam "SK Passau 1869"]
[BlackTeam "Erfurter SK"]
[WhiteTeamCountry "GER"]
[BlackTeamCountry "GER"]

1. d4 Nf6 2. c4 d6 3. Nc3 Nbd7 4. e4 e5 5. Nf3 g6 6. Be2 Bg7 7. O-O O-O 8. d5
Nh5 9. g3 Bf6 10. Ne1 Ng7 11. Nd3 Be7 12. Be3 f5 13. f3 h5 14. Qd2 Nf6 15. Kg2
h4 16. exf5 hxg3 17. hxg3 Nxf5 18. Bf2 Nh7 19. Rh1 Bg5 20. f4 exf4 21. Nxf4 Qe8
22. Bf3 Qf7 23. Ne4 Nh4+ 24. Rxh4 Bxh4 25. Rh1 Be7 26. Qc3 Bf5 27. Bd4 c5 28.
dxc6 bxc6 29. c5 g5 30. cxd6 Bd8 31. g4 Bd7 32. Nh5 Qg6 33. Neg3 Rc8 34. Be4
Qxd6 35. Bc5 Qe6 36. Qg7# 1-0

[Event "Bundesliga 9899"]
[Site "Deutschland"]
[Date "1999.01.09"]
[Round "7.8"]
[White "Gross, David2"]
[Black "Langheinrich, Ferenc"]
[Result "0-1"]
[WhiteElo "2371"]
[BlackElo "2279"]
[PlyCount "74"]
[EventDate "1998.10.17"]
[EventType "team"]
[EventRounds "15"]
[EventCountry "GER"]
[SourceTitle "Bundesliga 9899"]
[Source "DeepChess"]
[SourceDate "2005.01.01"]
[SourceVersion "1"]
[SourceVersionDate "2005.01.01"]
[SourceQuality "1"]
[WhiteTeam "SK Passau 1869"]
[BlackTeam "Erfurter SK"]
[WhiteTeamCountry "GER"]
[BlackTeamCountry "GER"]

1. e4 c5 2. Nf3 d6 3. d4 cxd4 4. Nxd4 Nf6 5. Nc3 Nc6 6. Bg5 e6 7. Qd2 a6 8.
O-O-O Bd7 9. f3 Be7 10. Be3 h5 11. Kb1 Qc7 12. Bd3 b5 13. f4 Nxd4 14. Bxd4 e5
15. Be3 Qb7 16. Rhe1 Bc6 17. Bg1 Rd8 18. h3 O-O 19. g4 b4 20. Nd5 Nxd5 21. exd5
Bxd5 22. fxe5 Bf3 23. Rc1 h4 24. e6 fxe6 25. Rxe6 Bf6 26. Bf5 Bd5 27. Re2 a5
28. Bd4 Bxa2+ 29. Ka1 Bc4 30. Bxf6 Rxf6 31. Re4 Bf7 32. Rce1 a4 33. Rxb4 Qc6
34. Be4 d5 35. Rd4 Rfd6 36. Rd1 a3 37. b3 dxe4 0-1

[Event "Bundesliga 9899"]
[Site "Deutschland"]
[Date "1999.01.09"]
[Round "7.2"]
[White "Rogozenko, Dorian"]
[Black "Wahls, Matthias"]
[Result "1-0"]
[WhiteElo "2557"]
[BlackElo "2609"]
[PlyCount "85"]
[EventDate "1998.10.17"]
[EventType "team"]
[EventRounds "15"]
[EventCountry "GER"]
[SourceTitle "Bundesliga 9899"]
[Source "DeepChess"]
[SourceDate "2005.01.01"]
[SourceVersion "1"]
[SourceVersionDate "2005.01.01"]
[SourceQuality "1"]
[WhiteTeam "USC Magdeburg"]
[BlackTeam "Hamburger SK 1830 e.V."]
[WhiteTeamCountry "GER"]
[BlackTeamCountry "GER"]

1. d4 Nf6 2. c4 e6 3. Nc3 Bb4 4. Bg5 h6 5. Bh4 c5 6. d5 d6 7. e3 Qe7 8. Nf3
Nbd7 9. Nd2 Nb6 10. dxe6 Bxe6 11. Be2 O-O-O 12. O-O g5 13. Bg3 Ne8 14. e4 Bxc3
15. bxc3 f6 16. Rb1 Qd7 17. Rb5 Nc7 18. Ra5 Na6 19. f4 Qc7 20. fxg5 fxg5 21.
Rf6 Nd7 22. Rxe6 Qxa5 23. Rxd6 Nab8 24. Bg4 Qxc3 25. Nb3 h5 26. Rxd7 Rxd7 27.
Qd6 Kd8 28. Qxb8+ Ke7 29. Qe5+ Qxe5 30. Bxe5 Rhd8 31. Bxd7 Rxd7 32. Nxc5 Rd1+
33. Kf2 Rd2+ 34. Ke3 Rxg2 35. Nxb7 Rxa2 36. c5 Kd7 37. Bd6 a5 38. e5 a4 39. Na5
a3 40. c6+ Ke6 41. c7 Rc2 42. Kd3 Rc1 43. Nb3 1-0

[Event "Bundesliga 9899"]
[Site "Deutschland"]
[Date "1999.01.09"]
[Round "7.4"]
[White "Naumann, Alexander"]
[Black "Mueller, Karsten"]
[Result "0-1"]
[WhiteElo "2480"]
[BlackElo "2558"]
[PlyCount "94"]
[EventDate "1998.10.17"]
[EventType "team"]
[EventRounds "15"]
[EventCountry "GER"]
[SourceTitle "Bundesliga 9899"]
[Source "DeepChess"]
[SourceDate "2005.01.01"]
[SourceVersion "1"]
[SourceVersionDate "2005.01.01"]
[SourceQuality "1"]
[WhiteTeam "USC Magdeburg"]
[BlackTeam "Hamburger SK 1830 e.V."]
[WhiteTeamCountry "GER"]
[BlackTeamCountry "GER"]

1. Nf3 d5 2. d4 c6 3. c4 Nf6 4. Nc3 e6 5. Bg5 dxc4 6. e4 b5 7. e5 h6 8. Bh4 g5
9. Nxg5 hxg5 10. Bxg5 Nbd7 11. exf6 Bb7 12. g3 c5 13. d5 Nxf6 14. Bg2 Be7 15.
O-O Nxd5 16. Bxe7 Kxe7 17. Nxb5 Qb6 18. Na3 Rh4 19. Qd2 Nf4 20. Nxc4 Qa6 21.
Ne3 Rd8 22. Qc2 Ne2+ 23. Kh1 Rh5 24. Rae1 Nd4 25. Qc3 Rdh8 26. h4 Nf3 27. Bxf3
Bxf3+ 28. Kg1 Rg8 29. Nc4 Ba8 30. Ne5 Qd6 31. Kh2 Qd5 32. f3 f6 33. Nd3 Qg5 34.
Qxc5+ Qxc5 35. Nxc5 Rxc5 36. Re2 Bd5 37. b3 Rc3 38. Ref2 f5 39. Kh3 Kf6 40. Kh2
Rh8 41. Kh3 Rh7 42. f4 Kg6 43. Rd2 Rhc7 44. Rfd1 Rc2 45. g4 R7c3+ 46. Rd3 Be4
47. h5+ Kh6 0-1